Multibody dynamics (E-BOOK) (Record no. 213280)

000 -LEADER
fixed length control field 00491 a2200157 4500
003 - CONTROL NUMBER IDENTIFIER
control field Nust
005 - DATE AND TIME OF LATEST TRANSACTION
control field 20170207165831.0
010 ## - LIBRARY OF CONGRESS CONTROL NUMBER
LC control number 2012950804
020 ## - INTERNATIONAL STANDARD BOOK NUMBER
International Standard Book Number 9789400754034 (hard cover : alk. paper)
040 ## - CATALOGING SOURCE
Transcribing agency Nust
245 00 - TITLE STATEMENT
Title Multibody dynamics (E-BOOK)
Remainder of title computational methods and applications /
Statement of responsibility, etc. [edited by] Jean-Claude Samin, Paul Fisette.
250 ## - EDITION STATEMENT
Edition statement 1st ed.
260 ## - PUBLICATION, DISTRIBUTION, ETC.
Place of publication, distribution, etc. New York :
Name of publisher, distributor, etc. Springer,
Date of publication, distribution, etc. 2012.
300 ## - PHYSICAL DESCRIPTION
Extent p. cm.
490 0# - SERIES STATEMENT
Series statement Computational methods in applied sciences ;
Volume/sequential designation 28
942 ## - ADDED ENTRY ELEMENTS (KOHA)
Source of classification or shelving scheme
Koha item type Book
Holdings
Withdrawn status Lost status Source of classification or shelving scheme Damaged status Not for loan Collection code Permanent Location Current Location Date acquired Total Checkouts Full call number Barcode Date last seen Price effective from Koha item type
            Military College of Signals (MCS) Military College of Signals (MCS) 12/12/2016   512.4 BOT MCSEB-3313 12/08/2016 12/12/2016 Book
© 2023 Central Library, National University of Sciences and Technology. All Rights Reserved.